Saint-Jacques-de-Compostelle - Choix multiples - Statistiques

Statistiques générales
  • Ce quiz a été pris 19 fois
  • Le résultat moyen est 6 sur 10
Statistiques - réponses
Question Réponse % Correct
De quelle communauté autonome d'Espagne Saint-Jacques-de-Compostelle est-elle la capitale ? La Galice
83%
Quel fruit oléagineux est l'un des principaux composants de la "tarta de Santiago", l'une des plus célèbres pâtisseries espagnoles ? L'amande
83%
Reconnaissez-vous Saint-Jacques-de-Compostelle sur l'une des images suivantes ?
72%
Comment appelle-t-on la gourde qui est, depuis la fin du Moyen-âge, l'un des attributs traditionnels du pèlerin de Saint-Jacques-de-Compostelle ? La calebasse
72%
Dans quelle province se situe Saint-Jacques-de-Compostelle ? La Corogne
72%
Selon la légende, Charlemagne aurait libéré des Maures le tombeau de saint Jacques à Compostelle. Comment appelle-t-on la "bande lumineuse" céleste qui lui aurait servi de guide ? La Voie lactée
67%
Quel saint Jacques est célébré à Saint-Jacques-de-Compostelle depuis la découverte de ses reliques ? Saint Jacques le Majeur, apôtre du Christ
67%
Comment appelle-t-on communément les pèlerins du pèlerinage de Saint-Jacques-de-Compostelle ? Les Jacquets
56%
Quel Pape fit du pèlerinage de Saint-Jacques-de-Compostelle, l'un des trois grands pèlerinage de la Chrétienté avec Rome et Jérusalem ? Alexandre VI
39%
Parmi les villes suivantes, laquelle n'est pas le lieu de départ d'une voie franco-espagnole du pèlerinage de Saint-Jacques-de-Compostelle ? Tours
17%
Aucun quiz correspondant
Distribution des résultats
% des personnes avec chaque résultat
Percentile par nombre de réponses
Votre historique - résultats
Vous n’avez pas pris ce quiz